HBF regional survey of house builders (Record no. 79070)
[ view plain ]
| 000 -LEADER | |
|---|---|
| fixed length control field | 01079cab a22002055a 4500 |
| 001 - CONTROL NUMBER | |
| control field | L139725 |
| 008 - FIXED-LENGTH DATA ELEMENTS--GENERAL INFORMATION | |
| fixed length control field | 070314s2007 xxkd s 000 0 eng d |
| 035 ## - SYSTEM CONTROL NUMBER | |
| System control number | (Sirsi) u139725 |
| 041 ## - LANGUAGE CODE | |
| Language code of text/sound track or separate title | eng |
| 110 2# - MAIN ENTRY--CORPORATE NAME | |
| Corporate name or jurisdiction name as entry element | Home Builders Federation |
| 9 (RLIN) | 4896 |
| 245 ## - TITLE STATEMENT | |
| Title | HBF regional survey of house builders |
| Remainder of title | June 2007 |
| 260 ## - PUBLICATION, DISTRIBUTION, ETC. | |
| Date of publication, distribution, etc. | 2007 |
| 490 ## - SERIES STATEMENT | |
| Series statement | Housing Market Report |
| Volume/sequential designation | (182) July 2007, 6-11(6) |
| 520 ## - SUMMARY, ETC. | |
| Summary, etc. | Finds that site visitors and net reservations were below the previous year's levels. Both fell by slightly more than the usual seasonal downturn. House builders continued raising prices, but they are also increasing sales incentives. Sales prospects are optimistic for 2007 throughout the industry. Increased starts are planned for 2007, a response to modest shortages of works in progress and stocks. There has been a modest deterioration in buyer confidence. Tables and graphs. |
| 590 ## - LOCAL NOTE (RLIN) | |
| Local note | KA |
| 650 24 - SUBJECT ADDED ENTRY--TOPICAL TERM | |
| Topical term or geographic name entry element | HBF REGIONAL SURVEY OF HOUSE BUILDERS |
| 651 #4 - SUBJECT ADDED ENTRY--GEOGRAPHIC NAME | |
| Geographic name | England and Wales |
| Chronological subdivision | 1543- |
| 690 ## - LOCAL SUBJECT ADDED ENTRY--TOPICAL TERM (OCLC, RLIN) | |
| Topical term or geographic name as entry element | PROPERTY-RESIDENTIAL PROPERTY-RESIDENTIAL PROPERTY MARKET |
| 942 ## - ADDED ENTRY ELEMENTS (KOHA) | |
| Suppress in OPAC | 0 |
| Withdrawn status | Lost status | Source of classification or shelving scheme | Damaged status | Not for loan | Home library | Current library | Shelving location | Date acquired | Total Checkouts | Full call number | Barcode | Date last seen | Copy number | Price effective from | Koha item type |
|---|---|---|---|---|---|---|---|---|---|---|---|---|---|---|---|
| Dewey Decimal Classification | London | London | Journal article | 06/08/2007 | L139725 | 139725-1001 | 06/08/2019 | 1 | 06/08/2019 | Journal article |